Spell Bangkok's Full Name - Statistics

General Stats
  • This quiz has been taken 236 times
  • The average score is 76 of 167
Answer Stats
Bangkok's Full Name % Correct
K
100%
R
94%
U
94%
N
92%
G
91%
T
91%
H
89%
E
87%
P
84%
A
79%
A
79%
A
79%
H
79%
K
79%
M
79%
N
79%
H
77%
O
77%
N
76%
A
70%
M
69%
A
68%
A
68%
A
68%
I
68%
K
68%
N
68%
N
68%
O
68%
O
68%
R
68%
S
68%
T
68%
T
68%
N
67%
A
64%
M
64%
H
63%
I
63%
N
62%
T
62%
A
61%
H
61%
A
60%
R
60%
Y
56%
T
54%
U
54%
A
53%
H
52%
Y
52%
A
49%
A
48%
A
48%
D
48%
H
48%
I
48%
K
48%
L
48%
M
48%
O
48%
P
48%
H
47%
N
47%
O
47%
O
47%
P
47%
P
47%
P
46%
A
45%
A
45%
H
45%
R
45%
T
45%
A
44%
A
44%
A
43%
C
43%
H
43%
H
43%
R
43%
T
43%
T
43%
B
40%
I
40%
I
40%
M
40%
N
40%
O
40%
R
40%
R
40%
U
40%
U
40%
D
37%
M
37%
O
37%
A
36%
R
36%
A
34%
C
34%
H
34%
I
34%
N
34%
T
34%
W
34%
A
33%
E
33%
M
33%
T
33%
H
32%
A
31%
A
31%
A
31%
A
31%
H
31%
M
31%
N
31%
S
31%
T
31%
A
30%
A
30%
I
30%
M
30%
N
30%
N
30%
O
30%
P
30%
A
29%
A
29%
A
29%
N
29%
S
29%
T
29%
W
29%
H
28%
I
28%
T
28%
T
28%
A
25%
A
25%
A
25%
A
25%
I
25%
I
25%
K
25%
K
25%
P
25%
R
25%
S
25%
S
25%
S
25%
T
25%
T
25%
T
25%
W
25%
A
24%
A
24%
A
24%
H
24%
I
24%
K
24%
M
24%
N
24%
T
24%
T
24%
U
24%
Y
24%
No matching quizzes found
Score Distribution
Percent of People with Each Score
Percentile by Number Answered
Your Score History
You have not taken this quiz